00985nam a2200217 a 450000100100000000500170001000800410002704000130006808200160008111000400009724500770013726000810021430000280029550001020032350000420042570000440046704900090051195201130052095201190063399900150075200000926420200929161533.0090929s1972 dr a 001 0 spa d aDO-SdBNP axxxxbA532e1 aInstituto Americano de Banca92397900aAnálisis de estados financieros /ctraductor Francisco Díaz Morales. aSanto Domingo :bSección de la Asociación Americana de Banqueros,c1972. a653 p. :bil. ;c21 cm. aVersión en español auspiciada por el capítulo A.I.B. Santo Domingo, República Dominicana. aIncluye notas al pie de las páginas1 aDíaz Morales, Franciscoetrad.923980 aBNPD 0010718PDaPDbPDcCTd2009-09-29iLF1l0oxxxx A532ep9264-10r2020-06-25w2020-06-25yLFPDZNo se presta 0010718PDaPDbPDcCTd2010-09-20iLF1l0oxxxx A532ep9264-20r2020-06-25te. 2w2020-06-25yLFPDZNo se presta c9026d9026